Plan de Acción Nacional para la conservación y manejo de tiburones, rayas y quimeras de Colombia: (Registro nro. 8251)

Detalles MARC
000 -CABECERA
Campo de control 01480nam a22002897a 4500
005 - FECHA Y HORA DE LA ULTIMA TRANSACCION
Campo de control 20160907020002.0
008 - ELEMENTOS DE LONGITUD FIJA—INFORMACION GENERAL
Campo de control 110408s2010 ck a gr 00010 spa d
020 ## - ISBN
ISBN 9789588214733
041 0# - IDIOMA
Código de idioma para texto/pista de sonido o título separado Español
044 ## - PAÍS DE PUBLICACIÓN
País de publicación Colombia
082 04 - NUMERO DE CLASIFICACION DECIMAL DEWEY
Número de clasificación 591.77
Número del ítem C65p
110 2# - ASIENTO PRINCIPAL--NOMBRE CORPORATIVO
Nombre corporativo o de jurisdicción como elemento de entrada Colombia
Unidad subordinad Ministerio de Agricultura y Desarrollo Rural.
-- Dirección de Pesca y Acuicultura.
245 10 - MENCION DE TITULO
Título Plan de Acción Nacional para la conservación y manejo de tiburones, rayas y quimeras de Colombia:
Parte restante del título (PAN- Tiburones Colombia) /
Mención de responsabilidad editado por Juan Pablo Caldas Aristizábal ... [et al.].
260 ## - PUBLICACION, DISTRIBUCION, ETC. (PIE DE IMPRENTA)
Lugar de publicación, distribución, etc. Bogotá
Nombre del editor, distribuidor, etc. Ministerio de Agricultura y Desarrollo Rural
-- ICA. Subgerencia de Pesca y Acuicultura
Fecha de publicación, distribución, etc. 2010.
300 ## - DESCRIPCION FISICA
Extensión 60 p. :
Otros detalles físicos il. ;
Dimensiones 28 cm.
504 ## - NOTA DE BIBLIOGRAFIA, ETC.
Nota de bibliografía Incluye bibliografía.
650 ## - ASIENTO SECUNDARIO DE MATERIA - TERMINO TEMATICO
Término temático o nombre geográfico como elemento de entrada Protección de tiburones
Subdivisión general Política gubernamental
Subdivisión geográfica Colombia.
650 ## - ASIENTO SECUNDARIO DE MATERIA - TERMINO TEMATICO
Término temático o nombre geográfico como elemento de entrada Protección de tiburones
Subdivisión general Legislación
Subdivisión geográfica Colombia.
650 ## - ASIENTO SECUNDARIO DE MATERIA - TERMINO TEMATICO
Término temático o nombre geográfico como elemento de entrada Fauna marina
Subdivisión general Conservación Política gubernamental
Subdivisión geográfica Colombia.
650 #4 - ASIENTO SECUNDARIO DE MATERIA - TERMINO TEMATICO
Término temático o nombre geográfico como elemento de entrada Protección de las rayas
Subdivisión general Política gubernamental
Subdivisión geográfica Colombia.
650 #4 - ASIENTO SECUNDARIO DE MATERIA - TERMINO TEMATICO
Término temático o nombre geográfico como elemento de entrada Protección de las rayas
Subdivisión general Legislación
Subdivisión geográfica Colombia.
650 #4 - ASIENTO SECUNDARIO DE MATERIA - TERMINO TEMATICO
Término temático o nombre geográfico como elemento de entrada Protección de quimeras (Animales marinos)
Subdivisión general Legislación
Subdivisión geográfica Colombia.
650 #4 - ASIENTO SECUNDARIO DE MATERIA - TERMINO TEMATICO
Término temático o nombre geográfico como elemento de entrada Protección de quimeras (Animales marinos)
Subdivisión geográfica Colombia.
700 1# - ASIENTO SECUNDARIO - NOMBRE PERSONAL
Nombre personal Caldas-Aristizábal, Juan Pablo,
Término de relación ed.
700 1# - ASIENTO SECUNDARIO - NOMBRE PERSONAL
Nombre personal Castro-González, Erick
Término de relación ed.
942 ## - ELEMENTOS ADICIONALES (KOHA)
Sistema de clasificación Dewey Decimal Classification
Tipo de ítem Impreso
Koha issues (borrowed), all copies 3
Existencias
Withdrawn status Lost status Sistema de Clasificación Damaged status No para préstamo Colección Inventariado Ubicación Permanente Ubicación actual Fecha de adquisición Fuente de Valor Valor Total Checkouts Número topográfico Inventario / Código de Barras Date last seen Date checked out Ejemplar Price effective from Forma de adquisición Tipo de material Fecha publicación (Año)
    Dewey Decimal Classification     General Inventariado 2017 Bogotá Bogotá 10/03/2014 Instituto 39000.00 1 LB-591.77 C65p 059943 25/04/2014 25/04/2014 Ej. 1 10/03/2014 Canje Libro  
    Dewey Decimal Classification     General Inventariado 2017 Bogotá Bogotá 11/05/2015 Instituto 39000.00 1 LB- 591.77 C65p 039049 01/06/2015 01/06/2015 Ej. 2 11/05/2015 Canje Libro  
    Dewey Decimal Classification     General Inventariado 2017 Bogotá Bogotá 24/07/2015 Instituto 39000.00 1 LB-591.77 C65p 039175 07/09/2016 06/09/2016 Ej. 3 24/07/2015 Canje Libro 2010